000 00640nam a2200181 i 4500
001 34738
003 ES-MaACL
005 20230906155004.0
007 t|
008 030207s1923 fr ||||1| fre d
100 1 _aBoissonnade, P.
_929875
245 1 0 _aDu nouveau sur la Chanson de Roland
_b: la genèse historique, le cadre géographique, le milieu, les personnages, la date et l'auteur du poème /
_cP. Boissonnade.
260 _aParis :
_bHonoré Champion,
_c1923 (
_ePoitiers :
_fMare Fesner)
300 _aVI, 520 p. ;
_c26 cm.
630 0 4 _aLa Chanson de Roland.
_9160538
852 _aES-MaACL
_jC-2379
852 _aES-MaACL
_jA-2477
999 _c34738
_d34738